LEADER 04086nam 22008172 450 001 9910953236203321 005 20151005020622.0 010 $a0-511-69966-2 010 $a1-107-20582-4 010 $a1-282-33668-1 010 $a9786612336683 010 $a0-511-63508-7 010 $a0-511-63293-2 010 $a0-511-63464-1 010 $a0-511-63172-3 010 $a0-511-63413-7 035 $a(CKB)1000000000804255 035 $a(EBL)461137 035 $a(OCoLC)609845731 035 $a(SSID)ssj0000299566 035 $a(PQKBManifestationID)11224327 035 $a(PQKBTitleCode)TC0000299566 035 $a(PQKBWorkID)10242547 035 $a(PQKB)10508887 035 $a(UkCbUP)CR9780511635533 035 $a(MiAaPQ)EBC461137 035 $a(Au-PeEL)EBL461137 035 $a(CaPaEBR)ebr10349761 035 $a(CaONFJC)MIL233668 035 $a(PPN)184490685 035 $a(EXLCZ)991000000000804255 100 $a20090923d2010|||| uy| 0 101 0 $aeng 135 $aur||||||||||| 181 $ctxt$2rdacontent 182 $cc$2rdamedia 183 $acr$2rdacarrier 200 10$aIndivisible territory and the politics of legitimacy $eJerusalem and Northern Ireland /$fStacie E. Goddard 210 1$aCambridge :$cCambridge University Press,$d2010. 215 $a1 online resource (ix, 294 pages) $cdigital, PDF file(s) 300 $aTitle from publisher's bibliographic system (viewed on 05 Oct 2015). 311 08$a0-511-63553-2 311 08$a0-521-43985-X 320 $aIncludes bibliographical references and index. 327 $a1. Introduction -- 2. Constructing Indivisibility : A Legitimation Theory of Indivisible Territory -- 3. Home Rule : A Divisible Ireland -- 4. "Ulster Will Fight" : The Orange Card and an Indivisible Ireland -- 5. Dividing the Holy City -- 6. Jerusalem, Indivisible -- 7. How Northern Ireland Became Divisible (and Why Jerusalem Has Not) -- 8. Conclusion. 330 $aIn Jerusalem and Northern Ireland, territorial disputes have often seemed indivisible, unable to be solved through negotiation, and prone to violence and war. This book challenges the conventional wisdom that these conflicts were the inevitable result of clashing identities, religions, and attachments to the land. On the contrary, it was radical political rhetoric, and not ancient hatreds, that rendered these territories indivisible. Stacie Goddard traces the roots of territorial indivisibility to politicians' strategies for legitimating their claims to territory. When bargaining over territory, politicians utilize rhetoric to appeal to their domestic audiences and undercut the claims of their opponents. However, this strategy has unintended consequences; by resonating with some coalitions and appearing unacceptable to others, politicians' rhetoric can lock them into positions in which they are unable to recognize the legitimacy of their opponent's demands. As a result, politicians come to negotiations with incompatible claims, constructing territory as indivisible. 517 3 $aIndivisible Territory & the Politics of Legitimacy 606 $aNationalism$zNorthern Ireland 606 $aPolitical violence$zNorthern Ireland 606 $aRhetoric$xPolitical aspects$zNorthern Ireland 606 $aNationalism$zJerusalem 606 $aPolitical violence$zJerusalem 606 $aRhetoric$xPolitical aspects$zJerusalem 606 $aPartition, Territorial$vCase studies 607 $aIreland$xHistory$yPartition, 1921 607 $aJerusalem$xHistory$yPartition, 1948 615 0$aNationalism 615 0$aPolitical violence 615 0$aRhetoric$xPolitical aspects 615 0$aNationalism 615 0$aPolitical violence 615 0$aRhetoric$xPolitical aspects 615 0$aPartition, Territorial 676 $a941.5082/1 700 $aGoddard$b Stacie E.$f1974-$0969816 801 0$bUkCbUP 801 1$bUkCbUP 906 $aBOOK 912 $a9910953236203321 996 $aIndivisible territory and the politics of legitimacy$94427342 997 $aUNINA LEADER 03587nam 22007095 450 001 9910299993703321 005 20200630212125.0 010 $a3-319-08228-0 024 7 $a10.1007/978-3-319-08228-8 035 $a(CKB)3710000000202710 035 $a(EBL)1783853 035 $a(OCoLC)894170081 035 $a(SSID)ssj0001296483 035 $a(PQKBManifestationID)11724618 035 $a(PQKBTitleCode)TC0001296483 035 $a(PQKBWorkID)11347983 035 $a(PQKB)10669406 035 $a(MiAaPQ)EBC1783853 035 $a(DE-He213)978-3-319-08228-8 035 $a(PPN)179923315 035 $a(EXLCZ)993710000000202710 100 $a20140719d2014 u| 0 101 0 $aeng 135 $aur|n|---||||| 181 $ctxt 182 $cc 183 $acr 200 10$aDynamical Systems Generated by Linear Maps /$fby ?emal B. Doli?anin, Anatolij B. Antonevich 205 $a2nd ed. 2014. 210 1$aCham :$cSpringer International Publishing :$cImprint: Springer,$d2014. 215 $a1 online resource (205 p.) 300 $aDescription based upon print version of record. 311 $a3-319-08227-2 320 $aIncludes bibliographical references at the end of each chapters. 327 $aFrom the Contents: Introduction -- Vector trajectory -- The Jordan basis and special subspaces -- Representation of the vector trajectory -- The structures related to the principal term of the vector Trajectory -- The asymptotic behavior of vector trajectories and trajectories of one-dimensional subspaces. 330 $aThe book deals with dynamical systems, generated by linear mappings of finite dimensional spaces and their applications. These systems have a relatively simple structure from the point of view of the modern dynamical systems theory. However, for the dynamical systems of this sort, it is possible to obtain explicit answers to specific questions being useful in applications. The considered problems are natural and look rather simple, but in reality in the course of investigation, they confront users with plenty of subtle questions, and their detailed analysis needs a substantial effort. The problems arising are related to linear algebra and dynamical systems theory, and therefore, the book can be considered as a natural amplification, refinement and supplement to linear algebra and dynamical systems theory textbooks. 606 $aDynamics 606 $aErgodic theory 606 $aVibration 606 $aDynamics 606 $aComputational complexity 606 $aDynamical Systems and Ergodic Theory$3https://scigraph.springernature.com/ontologies/product-market-codes/M1204X 606 $aVibration, Dynamical Systems, Control$3https://scigraph.springernature.com/ontologies/product-market-codes/T15036 606 $aComplexity$3https://scigraph.springernature.com/ontologies/product-market-codes/T11022 615 0$aDynamics. 615 0$aErgodic theory. 615 0$aVibration. 615 0$aDynamics. 615 0$aComputational complexity. 615 14$aDynamical Systems and Ergodic Theory. 615 24$aVibration, Dynamical Systems, Control. 615 24$aComplexity. 676 $a510 676 $a512.9/4 676 $a515.39 676 $a515.48 700 $aDoli?anin$b ?emal B$4aut$4http://id.loc.gov/vocabulary/relators/aut$0721277 702 $aAntonevich$b Anatolij B$4aut$4http://id.loc.gov/vocabulary/relators/aut 906 $aBOOK 912 $a9910299993703321 996 $aDynamical Systems Generated by Linear Maps$92540408 997 $aUNINA